000 00882nam a2200301Ia 4500
001 Z_513
003 CHAP
008 220113s1987 xx 000 0 und d
010 _a163490
040 _cCHAP
090 _aTesis M 379
100 _aMárquez Avendaño, Víctor
_976296
245 _aProducción semi-intesiva de leche en el trópico /
_cpor Víctor Márquez Avendaño
260 _aChapingo, Méx. :
_bEl autor,
_c1987
300 _a54 h.
502 _aTesis (Ing. Agrónomo Esp. en Zootecnia) -- UACH. Departamento de Zootecnia
650 _aCynodon dactylon
_930800
650 _aGanado lechero
_xPastoreo
_945284
650 _aGanado lechero
_xTrópicos
_945303
650 _aLeche
_xProducción
_965400
650 _aPennisetum purpureum
_986708
901 _aTESIS M 379
902 _aM
910 _a1987
942 _c2
942 _c2
999 _c163490
_d163490